| 000 -CABECERA |
| Longitud fija campo de control |
00764nam a2200241 a 4500 |
| 003 - IDENTIFICADOR DEL NÚMERO DE CONTROL |
| Identificador del número de control |
OSt |
| 005 - FECHA Y HORA DE LA ÚLTIMA TRANSACCIÓN |
| Fecha y hora de la última transacción |
20211228110706.0 |
| 008 - CÓDIGOS DE INFORMACIÓN DE LONGITUD FIJA |
| Códigos de información de longitud fija |
020909s2002 spcado || o000 ||cat |
| 015 ## - NÚMERO DE BIBLIOGRAFÍA NACIONAL |
| Número de bibliografía nacional |
LL2002 |
| Fuente |
bnc |
| 035 ## - NÚMERO DE CONTROL DEL SISTEMA |
| Número de control del sistema |
(ES-BaCBU).b28375324 |
| 035 ## - NÚMERO DE CONTROL DEL SISTEMA |
| Número de control del sistema |
(OCoLC)807556565 |
| 040 ## - FUENTE DE LA CATALOGACIÓN |
| Centro catalogador de origen |
ES-BaBC |
| Lengua de catalogación |
cat |
| Centro transcriptor |
CDMR |
| 043 ## - CÓDIGO DE ÁREA GEOGRÁFICA |
| Código de área geográfica |
e-sp--- |
| Código local GAC |
e-spcpa |
| Fuente del código local |
catmarc |
| 080 ## - NÚMERO DE LA CLASIFICACIÓN DECIMAL UNIVERSAL |
| Número de la Clasificación Decimal Universal |
654.191(467.1 PeA Vilafranca del Penedès)(091) |
| 245 00 - MENCIÓN DE TÍTULO |
| Título |
20 anys de Ràdio Vilafranca [Recurs electrònic] : |
| Resto del título |
1982-2002 / |
| 260 ## - PUBLICACIÓN, DISTRIBUCIÓN, ETC. (PIE DE IMPRENTA) |
| Lugar de publicación, distribución, etc. |
Vilafranca del Penedès : |
| Nombre del editor, distribuidor, etc. |
Sercom, |
| Fecha de publicación, distribución, etc. |
[2002?] |
| 300 ## - DESCRIPCIÓN FÍSICA |
| Extensión |
1 disc òptic |
| 610 27 - PUNTO DE ACCESO ADICIONAL DE MATERIA - NOMBRE DE ENTIDAD CORPORATIVA |
| Nombre de entidad corporativa o nombre de jurisdicción como elemento inicial |
Ràdio Vilafranca |
| Subdivisió,n de materia general |
Història. |
| Fuente de encabezamiento o término |
lemac |
| 907 ## - ELEMENTO G DATOS LOCALES, GDL (RLIN) |
| a |
.b28375324 |
| b |
01-03-21 |
| c |
08-05-08 |
| d |
07-05-08 |
| e |
m |
| f |
a |
| g |
- |
| h |
cat |
| i |
spc |
| j |
0 |
| k |
1 |
| 908 ## - CONTROL DE PARÁMETROS (RLIN) |
| Parametro de comando lanzado |
BC |
| -- |
URV |
| 940 ## - |
| T&íacute;tulo uniforme |
<a href="BC">BC</a> |
| 942 ## - ENTRADA DE ELEMENTOS AGREGADOS (KOHA) |
| Fuente de clasificaión o esquema |
|
| Koha [por defecto] tipo de item |
Materials audiovisuals |